000 00769nam a22002417a 4500
001 84734
003 UA-OsUOA
005 20201223215408.0
007 ta
008 20120608b un ||||| |||| 00| 0 ukr d
040 _aUA-OsUOA
_bukr
_cUA-OsUOA
_dUA-OsUOA
041 _aukr
080 _a82.09(477)
090 _a82.09(477)
_bБ67
100 _aБілецький Л.
245 _aТри сильветки: Марко Вовчок - Ольга Кобилянська - Леся Українка
260 _aВінніпег
_bСУК
_c1951
300 _a127 с.
650 7 _a82 Література. Літературознавство
_2UDC
942 _cBK
_2udc
955 _a1
999 _c371045
_d371045